Sentino - King Sento 2 - Statystyki

Ogólne statystyki
  • Ten quiz został rozwiązany 56 razy
  • Średni wynik to 13 z 17
Statystyki odpowiedzi
Hint Odpowiedź feat % Poprawnych
5 Casablanca
94%
2 Złodziej z Telewizji Kubańczyk
94%
3 Alfredo TWR aka król podziemia
89%
13 Marbella Amadeusz Ferrari
89%
12 Ocean Beach
86%
1 Trump
86%
7 Classe International
80%
9 Miałem Być Nikim Amadeusz Ferrari
80%
4 Barrio
74%
11 Casablanca - Remix Kubańczyk
74%
10 200Km/h
71%
16 M Jak Miłość
71%
14 Moja Dama
71%
15 Real Madryt
71%
8 Rysy Na Rolexie
71%
17 Numer 1 Olis
63%
6 Wesh Habib
63%
Nie znaleziono quizów pasujących do podanych kryteriów
Rozkład punktacji
Procent ludzi z każdym wynikiem
Percentyl według liczby udzielonych odpowiedzi
Twoja historia wyników
Nie rozwiązałeś tego quizu